[Event "Pan American-ch Hybrid U16 31st"]
[Site "Tornelo INT"]
[Date "2021.09.04"]
[Round "9"]
[White "Hernandez Lora, Miguel Angel"]
[Black "Pizarro Yere, Maximilano"]
[Result "0-1"]
[WhiteElo "1968"]
[BlackElo "1394"]
[PlyCount "40"]
[EventDate "2021.09.04"]
[EventType "swiss"]
[EventRounds "9"]
[EventCountry "NET"]
[SourceTitle "EXT 2023"]
[Source "ChessBase"]
[SourceDate "2022.10.05"]
[SourceVersion "1"]
[SourceVersionDate "2022.10.05"]
[SourceQuality "1"]

1. e4 Nc6 2. d4 d5 3. e5 Bf5 4. c3 e6 5. Bd3 Nge7 6. Nf3 Nb8 7. b4 Bxd3 8. Qxd3 b6 9. 0-0 Qd7 10. a4 a6 11. a5 Qb5 12. Qxb5+ axb5 13. axb6 Rxa1 14. bxc7 Na6 15. Na3 Nxc7 16. Nd2 Nc8 17. Nb3 Ra2 18. Na5 Kd7 19. Re1 Be7 20. Nb3 Nb6 0-1

[Event "Pan American-ch Hybrid U16 31st"]
[Site "Tornelo INT"]
[Date "2021.09.04"]
[Round "1"]
[White "Lu, Maximillian"]
[Black "Pizarro Yere, Maximilano"]
[Result "1-0"]
[WhiteElo "2349"]
[BlackElo "1394"]
[PlyCount "103"]
[EventDate "2021.09.04"]
[EventType "swiss"]
[EventRounds "9"]
[EventCountry "NET"]
[SourceTitle "EXT 2023"]
[Source "ChessBase"]
[SourceDate "2022.10.05"]
[SourceVersion "1"]
[SourceVersionDate "2022.10.05"]
[SourceQuality "1"]

1. e3 Nf6 2. c4 e6 3. Nc3 d5 4. b3 Be7 5. Bb2 Nbd7 6. Nf3 b6 7. cxd5 exd5 8. Nd4 Bb7 9. Nf5 0-0 10. Be2 Re8 11. Nxe7+ Qxe7 12. 0-0 c5 13. d4 Rad8 14. Rc1 Nf8 15. Ba3 Ne6 16. Bb5 Nd7 17. Na4 Qg5 18. Bxd7 Rxd7 19. dxc5 bxc5 20. Nxc5 Nxc5 21. Rxc5 Qg6 22. Qc2 Qxc2 23. Rxc2 d4 24. exd4 Rxd4 25. Rc7 Ba6 26. Rfc1 Rde4 27. h3 Re1+ 28. Rxe1 Rxe1+ 29. Kh2 h5 30. Rxa7 Bd3 31. Bc5 Re6 32. b4 Ra6 33. Rxa6 Bxa6 34. a4 Bc4 35. Kg3 Bb3 36. a5 Bc4 37. Kf4 f6 38. h4 Kf7 39. Ke4 Ke6 40. Kd4 Bf1 41. g3 Bb5 42. Bf8 Kd7 43. Kc5 Be2 44. Bxg7 f5 45. b5 Kc7 46. a6 Kb8 47. Kb6 Bf1 48. Be5+ Ka8 49. Ka5 f4 50. b6 Bxa6 51. Kxa6 fxg3 52. b7# 1-0

[Event "Pan American-ch Hybrid U16 31st"]
[Site "Tornelo INT"]
[Date "2021.09.04"]
[Round "4"]
[White "Reyes Zavaleta, Fabian Ricardo"]
[Black "Pizarro Yere, Maximilano"]
[Result "1-0"]
[WhiteElo "1932"]
[BlackElo "1394"]
[PlyCount "81"]
[EventDate "2021.09.04"]
[EventType "swiss"]
[EventRounds "9"]
[EventCountry "NET"]
[SourceTitle "EXT 2023"]
[Source "ChessBase"]
[SourceDate "2022.10.05"]
[SourceVersion "1"]
[SourceVersionDate "2022.10.05"]
[SourceQuality "1"]

1. d4 Nf6 2. Nf3 e6 3. c4 b6 4. g3 Bb7 5. Bg2 Be7 6. 0-0 0-0 7. Nc3 Ne4 8. Nxe4 Bxe4 9. Nd2 Bxg2 10. Kxg2 d5 11. e4 c5 12. dxc5 Bxc5 13. exd5 exd5 14. Qf3 Na6 15. cxd5 Nb4 16. Ne4 Qxd5 17. a3 f5 18. Nxc5 Qxf3+ 19. Kxf3 Nc2 20. Nb3 Nxa1 21. Nxa1 Rac8 22. Be3 Rfd8 23. Nb3 Rc2 24. Bd4 a5 25. Bc3 Rd3+ 26. Kg2 Rxb2 27. Bxb2 Rxb3 28. Bd4 b5 29. Ra1 b4 30. axb4 axb4 31. Ra8+ Kf7 32. Ra7+ Ke6 33. Bxg7 h5 34. Bh8 h4 35. gxh4 f4 36. h5 Kf5 37. h6 Kg4 38. f3+ Kh4 39. h7 Rd3 40. Bf6+ Kh5 41. h8Q+ 1-0